000
00305nam a22001337a 4500
008
170321b xxu||||| |||| 00| 0 eng d
020
_a
0721624278
041
_a
eng
080
_2
3 ED
_a
616.12 -008-073
100
_a
7
101
_a
SHM
245
_a
THE CARDIAC RHYTHMS
_c
PHILLIPS.R.E
942
_2
udc
_c
BK
999
_c
8289
_d
8289